Οι 10 μεγαλύτερες χώρες σε πληθυσμό - Statistics

General Stats
  • This quiz has been taken 1 154 times
  • The average score is 8 of 10
Answer Stats
Κατάταξη Πληθυσμός Χώρα % Correct
1. 1.394.015.977 Κίνα
99%
3. 332.639.102 ΗΠΑ
96%
2. 1.326.093.247 Ινδία
95%
9. 141.722.205 Ρωσία
95%
7. 211.715.973 Βραζιλία
83%
5. 233.500.636 Πακιστάν
74%
4. 267.026.366 Ινδονησία
62%
10. 128.649.565 Μεξικό
62%
6. 214.028.302 Νιγηρία
49%
8. 162.650.853 Μπανγκλαντές
40%
No matching quizzes found
Score Distribution
Percent of People with Each Score
Percentile by Number Answered
Your Score History
You have not taken this quiz